| 000 | 01325nam a22002655a 4500 | ||
|---|---|---|---|
| 003 | OSt | ||
| 005 | 20161120154658.0 | ||
| 008 | 161120s2015 ua frb 000 0 ara d | ||
| 020 | _a9789770477489 | ||
| 040 |
_aEG-ScBUE _bara _cEG-ScBUE |
||
| 043 | _aa-ts--- | ||
| 082 | 0 | 4 |
_a341.522 _bر ف ا _222 |
| 100 | 1 | _aرفاعي، إيمان يونس محمد. | |
| 245 | 1 | 0 |
_aتنفيذ أحكام التحكيم الأجنبية وفقا للقانون الإماراتي والاتفاقيات الدولية : _bدراسة مقارنة = The enforcement of foreign arbitration awards accordance to UAE law and international conventions : comparative study / _cإعداد إيمان يونس محمد الرفاعي. |
| 246 | 3 | 1 | _aEnforcement of foreign arbitration awards accordance to UAE law and international conventions : comparative study |
| 260 |
_aالقاهرة : _bدار النهضة العربية، _c2015. |
||
| 300 |
_a251 ص. ؛ _c24 سم. |
||
| 504 | _aيشتمل على إرجاعات ببليوجرافية. | ||
| 650 | 7 |
_a تنفيذ الأحكام _zالإمارات العربية المتحدة. _2BUEsh |
|
| 650 | 7 |
_aالتحكيم الدولي. _2BUEsh _941124 |
|
| 650 | 7 |
_aالاتفاقيات الدولية. _2BUEsh _916817 |
|
| 651 | _2BUEsh | ||
| 653 |
_bLLAAWW _cNovember2016 |
||
| 942 | _2ddc | ||
| 999 |
_c23214 _d23186 |
||